Sam Claflin Filmography - Statistics

General Stats
  • This quiz has been taken 26 times
    9 since last reset
  • The average score is 14 of 39
Answer Stats
Type Year Name % Correct
Film 2016 Me Before You
89%
Film 2013 The Hunger Games: Catching Fire
89%
Film 2020 Enola Holmes
78%
Film 2014 The Hunger Games: Mockingjay - Part 1
78%
Film 2015 The Hunger Games: Mockingjay - Part 2
78%
Film 2014 Love, Rosie
67%
Film 2011 Pirates of the Caribbean: On Stranger Tides
67%
Web Mini-Series 2023 Daisy Jones & The Six
56%
Film 2012 Snow White and the Huntsman
56%
Film 2018 Adrift
44%
Film 2020 Love Wedding Repeat
44%
Film 2017 My Cousin Rachel
44%
TV Show 2019-2022 Peaky Blinders
44%
TV Mini-Series 2024 The Count of Monte Cristo
44%
Film 2018 The Nightingale
44%
Film 2014 The Riot Club
44%
Film 2022 Book of Love
33%
Film 2019 Charlie's Angels
33%
Film 2021 Every Breath You Take
33%
Film 2017 Journey's End
33%
Film 2019 Red Shoes and the Seven Dwarfs
33%
Film 2016 Their Finest
33%
Film 2014 The Quiet Ones
33%
Film 2024 Bagman
22%
TV Film 2013 Mary and Martha
22%
Film 2019 The Corrupted
22%
Film 2016 The Huntsman: Winter's War
22%
TV Film 2010 The Lost Future
22%
Film 2011 United
22%
Film 2025 All the Devils Are Here
11%
TV Mini-Series 2010 Any Human Heart
11%
Film 2021 Charlotte
11%
Film 2021 Last Night in Soho
11%
Web Mini-Series 2025 Lazarus
11%
Film 2025 Watch the Skies
11%
TV Mini-Series 2010 The Pillars of the Earth
0%
TV Show 2014 The X Factor UK
0%
Web Mini-Series 2026 Vanished
0%
TV Mini-Series 2012 White Heat
0%
No matching quizzes found
Score Distribution
Percent of People with Each Score
Percentile by Number Answered
Your Score History
You have not taken this quiz since the last reset